| Поле | Инд. | ПП | Название | Значение |
|---|---|---|---|---|
| Тип записи | a | |||
| Библиографический уровень | b | |||
| 001 | Контрольный номер | RU/IS/BASE/140720332 | ||
| 005 | Дата корректировки | 20200610181716.9 | ||
| 084 | a | Индекс другой классификации/Индекс ББК | 60.545.1; 60.561.51 | |
| 100 | 1_ | a | Автор | Мезенцев С. Д. |
| 100 | 1_ | a | Автор | Агавелян А. С. |
| 245 | a | Заглавие | Семья - не просто ячейка общества | |
| 504 | a | Библиография | Библиогр. ссылки | |
| 650 | a | Основная рубрика | социология | |
| a | Основная рубрика | социология групп | ||
| a | Основная рубрика | социология семьи | ||
| a | Основная рубрика | этносоциология | ||
| 653 | a | Ключевые слова | диаспоры | |
| a | Ключевые слова | семейные отношения | ||
| a | Ключевые слова | семейные ценности | ||
| a | Ключевые слова | семья | ||
| a | Ключевые слова | социальная роль женщины | ||
| a | Ключевые слова | социальные процессы | ||
| a | Ключевые слова | эмансипация | ||
| 773 | t | Заглавие источника | Вестник Московского университета. Серия 18, Социология и политология | |
| d | Дата издания источника | 2001 | ||
| g | Прочая информация | № 2. - С. 94 - 102 | ||
| w | Контрольный № источника | RU/IS/BASE/148578705 | ||
| 901 | t | Тип документа | b |